Name the Legend, Myth, or Fantasy by Picture - Statistics

General Stats
  • This quiz has been taken 17 times
  • The average score is 11 of 20
Answer Stats
Picture Answer % Correct
Frankenstein
100%
Moby Dick
94%
Star Wars
88%
Alice in Wonderland
75%
A Christmas Carol
69%
Harry Potter
69%
Shrek
69%
Aladdin
63%
King Arthur
63%
Loch Ness Monster
63%
Cinderella
56%
The Lord of the Rings
56%
Beauty and the Beast
50%
Norse
44%
Rapunzel
44%
Greek/Roman
38%
The Chronicles of Narnia
38%
St. George and the Dragon
25%
Percy Jackson and the Olympians
19%
The Adventures of Huckleberry
13%
No matching quizzes found
Score Distribution
Percent of People with Each Score
Percentile by Number Answered
Your Score History
You have not taken this quiz